[Event "Florence op 14th"]
[Site "Florence"]
[Date "2006.12.02"]
[Round "1"]
[White "Cassai, Mario"]
[Black "Pitimada, Mirko"]
[Result "1/2-1/2"]
[WhiteElo "1853"]
[BlackElo "1954"]
[PlyCount "75"]
[EventDate "2006.12.02"]
[EventType "swiss"]
[EventRounds "6"]
[EventCountry "ITA"]
[SourceTitle "EXT 2024"]
[Source "ChessBase"]
[SourceDate "2023.10.10"]
[SourceVersion "1"]
[SourceVersionDate "2023.10.10"]
[SourceQuality "1"]

1. d4 Nf6 2. Nf3 e6 3. c4 Nc6 4. Nc3 Bb4 5. Qc2 d6 6. e3 Qe7 7. a3 Bxc3+ 8. Qxc3 0-0 9. b4 e5 10. d5 Nb8 11. Qc2 Bg4 12. Be2 Nbd7 13. e4 Bh5 14. Nh4 Bg6 15. Nxg6 fxg6 16. Be3 Nh5 17. Bxh5 gxh5 18. 0-0 Nf6 19. Bg5 h6 20. Bxf6 Qxf6 21. c5 Rf7 22. Rac1 h4 23. Qe2 Qg5 24. Rc3 Raf8 25. Qe3 Qg4 26. f3 Qh5 27. h3 a6 28. cxd6 cxd6 29. Rfc1 Qg6 30. Rc8 Kh7 31. Rxf8 Rxf8 32. Qf2 Rf7 33. Rc3 Qf6 34. Qb6 h5 35. Rc7 Rxc7 36. Qxc7 Qf4 37. Qxd6 Qc1+ 38. Kh2 1/2-1/2